000 00813nam a2200229 a 4500
001 68135
003 BD-RjUL
005 20211209081732.0
008 170330s1978 bg |||| |||| 000 0 ben d
035 _a(BD-RjUL)68344
040 _aBD-RjUL
_bben
_cBD-RjUL
_dBD-RjUL
041 _aben
082 _223
_a954.92
_bALB 1978
100 1 _aআলী, রাও ফরমান
_9201974
245 1 0 _aভুট্টো শেখ মুজিব বাংলাদেশ /
_cরাও ফরমান আলী
250 _a২ য় সং.
260 _aঢাকা :
_bসৌখিন প্রকাশনী,
_c১৯৭৮
300 _a৬২ পৃ. ;
_c২৫ সেমি.
651 _aবাংলাদেশ
_xইতিহাস
_9201975
651 _aBangladesh
_xHistory
_9201976
942 _2ddc
_cBK
999 _c68135
_d68135